| 000 | 00712cam a2200217 4500 | ||
|---|---|---|---|
| 001 | WB3540-01 | ||
| 008 | 000000n1999 000 0 eng u | ||
| 035 | _a(Sirsi) u100376 | ||
| 245 | _aConstruction activity | ||
| 260 | _c1999 | ||
| 490 |
_aContract Journal _v6 October 1999, 3(1) |
||
| 520 | _aThe latest survey by the Chartered Institute of Purchasing and supply shows that September 1999 was the eighth successive month of expansion in the construction industry. Table. | ||
| 590 | _aWB | ||
| 650 | _aCONSTRUCTION OUTPUT | ||
| 650 | _aNEW ORDERS | ||
| 650 | _aCONSTRUCTION GROWTH | ||
| 650 | _aCONSTRUCTION MARKET | ||
| 650 | _aPURCHASING ACTIVITY | ||
| 690 | _aBUILT ENVIRONMENT | ||
| 942 | _n0 | ||
| 999 |
_c60065 _d60065 |
||